000 01337nam a22003737a 4500
003 CHAP
005 20220329134250.0
008 971013s1993 r 00010 d
010 _a17835
011 _a18807
035 _a22892
040 _cCHAP
090 _aFolleto 14373
100 0 0 _aNarváez Flores, Raúl.
_980247
245 _aSuelo-calidad de estación en el área experimental forestal Madera, Chih.
260 _aCd. Madera, Chih. :
_bINIFAP. Campo Experimental Madera,
_c1993
300 _a31 p.
490 _aINIFAP. Campo Experimental Madera. Folleto científico
_v; 2
500 _ac.4 en bodega
590 _aBATCH-UPD
_b10
_c20130110
_lUCH01
_h0144
590 _aBATCH-UPD
_b10
_c20130110
_lUCH01
_h0900
590 _aBATCH-UPD
_b10
_c20130410
_lUCH01
_h0529
590 _aBATCH-UPD
_b10
_c20130914
_lUCH01
_h0701
590 _aCONVERSION
_b10
_c20130109
_lUCH01
_h1311
650 1 4 _aBosques
_xAdministración.
_914003
650 1 4 _aPinus durangensis.
_988332
650 1 4 _aSuelos forestales.
_9110548
830 0 _aINIFAP. Campo Experimental Madera. Folleto científico
_v; 2
_958674
901 _aBK
942 _cFOLL
949 _aFolleto 14373
_bBC
_cFOLL
_d-53459
_eTS1
_i22892
_si
949 _aFolleto 14373
_bBC
_cFOLL
_d-53462
_eTS2
_fc.2
_i22892
_si
949 _aFolleto 14373
_bBC
_cFOLL
_d-53463
_eTS2
_fc.3
_i22892
_si
999 _c17835
_d17835